Countries witout 'countries' - Statistics

General Stats
  • This quiz has been taken 12 times
  • The average score is 5 of 10
Answer Stats
Hint Answer % Correct
Bazl Brazil
100%
Madagasa Madagascar
100%
d Kgdm United Kingdom
100%
aada Canada
82%
Fa France
64%
ha China
18%
da India
18%
Ama America
9%
Aga Argentina
9%
a Russia
9%
No matching quizzes found
Score Distribution
Percent of People with Each Score
Percentile by Number Answered
Your Score History
You have not taken this quiz